Statistics for Countries by alternative name

Click here to take the quiz!

General Stats

  • This quiz has been taken 89 times
  • The average score is 7 of 8

Answer Stats

alternative namecountry% Correct
The Former Yugoslav Republic of MacedoniaNorth Macedonia
98%
Great britianUnited kingdom
98%
Timor lesteEast timor
97%
Cote divoreIvory coast
95%
HollandNetherlands
95%
burmaMyanmar
90%
SwazilandEswatini
86%
CzechiaCzech Republic
71%

Score Distribution

Percentile by Number Answered

Percent of People with Each Score

Your Score History

You have not taken this quiz